00721nam a2200193Ia 4500008004100000100002400041245004900065245004900114260006300163260001000226300003000236440006400266650001700330650003300347650004400380942001200424999001900436952007200455180925s9999 xx 000 0 und d aKravitz, Richard H. 4aThe CPA Journal: the voice of the profession cThe CPA Journal: the voice of the profession bThe New york state society of certified public accountants c2018. apages 5-80, February 2018 aDoes financial reporting miss the big picture?vLXXXXVIII.2 aAccountancy. aFinance, Public -- auditing. aLocal taxation -- laws and legislation. 2lcccSE c358875d358875 001040aCLbCLd2018-09-25l0r2018-09-25 00:00:00w2018-09-25ySE